MARC

LEADER 00000nas a2200000 a 4500
001 ssj0006304
003 WaSeSS
005 20200512172242.0
006 m d
007 cr n
008 020502c19729999enkqr pss b 0 0eng c
010 |a  2002238425 
015 |a GBA605171  |2 bnb 
016 7 |a 1491362-8  |2 DE-600 
016 7 |a 013357579  |2 Uk 
022 |a 1465-3923  |l 0090-5992  |y 0090-5992 
035 |a (WaSeSS)ssj0006304 
040 |a IUL  |b eng  |c IUL  |d OCLCQ  |d UKMGB  |d OCLCQ  |d OCLCF  |d OCLCO  |d OCLCQ  |d WT2  |d NLE  |d EZC  |d DLC  |d OCLCQ  |d AU@  |d VT2  |d OCL  |d DKU  |d SFB  |d CNMTR  |d OCLCQ  |d WaSeSS 
042 |a pcc 
043 |a ee-----  |a e-ur---  |a n-us--- 
050 0 0 |a DR24 
082 0 4 |a 305.8 
130 0 |a Nationalities papers (Online) 
245 1 0 |a Nationalities papers  |h [electronic resource]. 
260 |a [London] :  |b Carfax 
310 |a Quarterly 
362 1 |a Print began in 1972. 
500 |a Some issues have also a distinctive title. 
506 |a License restrictions may limit access. 
538 |a Mode of access: World Wide Web. 
588 0 |a Vol. 27, no. 1 (Mar. 1999); title from introductory page, viewed May 2, 2002. 
588 1 |a Vol. 46, issue 4 (2018) (Taylor & Francis Online viewed June 27, 2018). 
650 0 |a Ethnology  |z Europe, Eastern  |v Periodicals. 
650 0 |a Ethnology  |z Former Soviet republics  |v Periodicals. 
650 0 |a Immigrants  |z United States  |v Periodicals. 
650 7 |a Ethnology.  |2 fast  |0 (OCoLC)fst00916106 
650 7 |a Immigrants.  |2 fast  |0 (OCoLC)fst00967712 
651 7 |a Eastern Europe.  |2 fast  |0 (OCoLC)fst01245079 
651 7 |a Soviet Union  |z Former Soviet republics.  |2 fast  |0 (OCoLC)fst01262458 
651 7 |a United States.  |2 fast  |0 (OCoLC)fst01204155 
655 0 |a Electronic journals. 
710 2 |a Association for the Study of Nationalities. 
776 1 |t Nationalities papers  |x 0090-5992  |w (DLC) 73641344  |w (OCoLC)1785151 
850 |a DLC 
853 2 0 |8 1  |a v.  |b no.  |u 4  |v r  |i (year)  |j (month)  |w q  |x 03  |y pm03,06,09,12 
856 4 0 |z Full text available from Research Library: 03/01/1998 to 12/31/2000  |u https://search.proquest.com/publication/36555 
856 4 0 |z Full text available from Research Library: 01/01/2006 to 12/31/2006  |u https://search.proquest.com/publication/36555 
856 4 0 |z Full text available from Research Library: 01/01/2016 to 12/31/2017  |u https://search.proquest.com/publication/36555 
856 4 0 |z Full text available from Research Library: 01/01/2019 to 1 year ago  |u https://search.proquest.com/publication/36555 
863 4 1 |8 1.1  |a 27  |b 1  |i 1999  |j 03